00541 2200205 4500001002100000005001700021008004100038035002400079082001200103090001900115100002300134245005800157260003100215300001900246650002100265850001500286980001300301985000600314999001500320YOGYA-0209000002736720090227024133.0 ind  0010-020900000027367 a352.007 a352.007bSur P aSURIANINGRAT, Bayu aPemerintahan dan administrasi desacBayu Surianingrat aJakartabAksara Baruc1981 a317 hlmc21 cm aDesa, Pemerintah aYOPDYOG(B) a13-03-07 a1 a06A0020552